| 000 -LEADER |
| fixed length control field |
01278 a2200229 4500 |
| 003 - CONTROL NUMBER IDENTIFIER |
| control field |
Nust |
| 005 - DATE AND TIME OF LATEST TRANSACTION |
| control field |
20221209090249.0 |
| 010 ## - LIBRARY OF CONGRESS CONTROL NUMBER |
| LC control number |
91014092 |
| 020 ## - INTERNATIONAL STANDARD BOOK NUMBER |
| International Standard Book Number |
0675213118 |
| 040 ## - CATALOGING SOURCE |
| Transcribing agency |
Nust |
| 082 00 - DEWEY DECIMAL CLASSIFICATION NUMBER |
| Classification number |
621.382,SCH |
| 100 1# - MAIN ENTRY--PERSONAL NAME |
| Personal name |
Schoenbeck, Robert J. |
| 9 (RLIN) |
57128 |
| 245 10 - TITLE STATEMENT |
| Title |
Electronic communications : |
| Remainder of title |
modulation and transmission / |
| Statement of responsibility, etc. |
Robert J. Schoenbeck. |
| 250 ## - EDITION STATEMENT |
| Edition statement |
2nd ed. |
| 260 ## - PUBLICATION, DISTRIBUTION, ETC. |
| Place of publication, distribution, etc. |
New York : |
| Name of publisher, distributor, etc. |
Merrill ; |
| Place of publication, distribution, etc. |
Toronto : |
| Name of publisher, distributor, etc. |
Maxwell Macmillan Canada ; |
| Place of publication, distribution, etc. |
New York : |
| Name of publisher, distributor, etc. |
Maxwell Macmillan International, |
| Date of publication, distribution, etc. |
c1992. |
| 300 ## - PHYSICAL DESCRIPTION |
| Extent |
xxiv, 645 p. : |
| Other physical details |
ill. ; |
| Dimensions |
24 cm. |
| 440 #0 - SERIES STATEMENT/ADDED ENTRY--TITLE |
| Title |
Merrill's international series in engineering technology |
| 9 (RLIN) |
7453 |
| 505 ## - FORMATTED CONTENTS NOTE |
| Formatted contents note |
Amplitude Modulation Principles (Page-1), AM Transmitters (Page-26), Sideband Transmission (Page-71), AM Radio Receivers (Page-103), Frequency Modulation Principles (Page-169), Frequency Modulated Transmitters (Page-201), FM Receivers (Page-225), Transmission Lines (Page-263), Smith Charts (Page-301), Antennas (Page-333), Wave Propagation (Page-383), Microwave Systems and Devices (Page-399), The Communication Satellite (Page-463), Fiber Optics (Page-487), Digital Modulation (Page-535), Television (Page-607) |
| 650 #0 - SUBJECT ADDED ENTRY--TOPICAL TERM |
| Topical term or geographic name entry element |
Modulation (Electronics) |
| 9 (RLIN) |
98248 |
| 650 #0 - SUBJECT ADDED ENTRY--TOPICAL TERM |
| Topical term or geographic name entry element |
Telecommunication Engineering |
| 942 ## - ADDED ENTRY ELEMENTS (KOHA) |
| Source of classification or shelving scheme |
|
| Koha item type |
Book |